MARC

LEADER 00000nms a22000007a 4500
001 28105, 28106
003 AGDB
005 20260324181519.0
008 230731b spa||||| |||| 00| 0 cat d
040 |a agdb  |b cat 
245 |a El Medi Atmosfèric :   |b Programa Aire 
246 |a El medi atmosfèric a la província de Barcelona  |i Relacionat amb la publicació:  
246 |a El medi atmosfèric a les comarques de Barcelona  |i Relacionat amb la publicació:  
246 |a El medi atmosfèric : contaminació i meteorologia  |i Relacionat amb la publicació:  
260 |a Barcelona :   |b Servei del Medi Ambient de la Diputació de Barcelona :   |b Centre Meteorològic Zonal de Barcelona de l'Instituto Nacional de Metereología ;   |c 1991-2000 
300 |b 39 disquets d'ordinador ; periodicitat: trimestral 
650 0 |2 Arxiu  |9 28459  |a Meteorologia  |x Barcelona (Província)  |x Revistes  
650 0 |2 Arxiu  |9 28460  |a Medi ambient  |x Revistes 
655 0 |9 55823  |a Revistes 
710 1 |9 53475  |a Barcelona (Catalunya : Província).  |b Servei de Medi Ambient 
710 1 |a Instituto Nacional de Meteorología (Espanya)  |9 71194  |b Centre Meteorològic Zonal de Barcelona 
866 |a 1991 (100-102)  
866 |a 1992 (103-106)  
866 |a 1993 (107-110)  
866 |a 1994 (111-114)  
866 |a 1995 (115-118)  
866 |a 1996 (119-122)  
866 |a 1997 (123-126)  
866 |a 1998 (127-130)  
866 |a 1999 (131-134)  
866 |a 2000 (135-138) 
942 |2 udc  |c REV  |n 1 
952 |0 0  |1 0  |2 udc  |4 0  |6 REV2227  |7 1  |9 96036  |a Arxiu  |b Arxiu  |d 2023-07-31  |h Núm. 100 (abril, maig, juny 1991) - Núm. 118 (octubre, novembre, desembre 1995)  |l 0  |o Rev-2227  |p 28105  |r 2023-07-31 00:00:00  |w 2023-07-31  |y ARXIU 
952 |0 0  |1 0  |2 udc  |4 0  |6 REV2228  |7 1  |9 96037  |a Arxiu  |b Arxiu  |d 2023-07-31  |h Núm. 119 (gener, febrer, març 1996) - Núm. 138 (octubre, novembre, desembre 2000)  |l 0  |o Rev-2228  |p 28106  |r 2023-07-31 00:00:00  |w 2023-07-31  |y ARXIU 
999 |c 128044  |d 128044